<?xml version="1.0" encoding="UTF-8"?>
<record
    xmlns:xsi="http://www.w3.org/2001/XMLSchema-instance"
    xsi:schemaLocation="http://www.loc.gov/MARC21/slim http://www.loc.gov/standards/marcxml/schema/MARC21slim.xsd"
    xmlns="http://www.loc.gov/MARC21/slim">

  <leader>02141nam a22002657a 4500</leader>
  <controlfield tag="003">NALT</controlfield>
  <controlfield tag="005">20240327171913.0</controlfield>
  <controlfield tag="008">231031b        th ||||| |||| 00| 0 tha d</controlfield>
  <datafield tag="020" ind1=" " ind2=" ">
    <subfield code="a">9740150462</subfield>
  </datafield>
  <datafield tag="040" ind1=" " ind2=" ">
    <subfield code="a">NALT</subfield>
  </datafield>
  <datafield tag="041" ind1=" " ind2=" ">
    <subfield code="a">tha</subfield>
  </datafield>
  <datafield tag="090" ind1=" " ind2=" ">
    <subfield code="a">KT 85</subfield>
    <subfield code="b">&#xE22;349&#xE1E; 2554</subfield>
  </datafield>
  <datafield tag="110" ind1="2" ind2=" ">
    <subfield code="9">1199</subfield>
    <subfield code="a">&#xE01;&#xE23;&#xE30;&#xE17;&#xE23;&#xE27;&#xE07;&#xE22;&#xE38;&#xE15;&#xE34;&#xE18;&#xE23;&#xE23;&#xE21;.</subfield>
    <subfield code="b">&#xE01;&#xE23;&#xE21;&#xE04;&#xE38;&#xE49;&#xE21;&#xE04;&#xE23;&#xE2D;&#xE07;&#xE2A;&#xE34;&#xE17;&#xE18;&#xE34;&#xE41;&#xE25;&#xE30;&#xE40;&#xE2A;&#xE23;&#xE35;&#xE20;&#xE32;&#xE1E;</subfield>
  </datafield>
  <datafield tag="245" ind1="1" ind2="0">
    <subfield code="a">&#xE1E;&#xE23;&#xE30;&#xE23;&#xE32;&#xE0A;&#xE1A;&#xE31;&#xE0D;&#xE0D;&#xE31;&#xE15;&#xE34;&#xE04;&#xE38;&#xE49;&#xE21;&#xE04;&#xE23;&#xE2D;&#xE07;&#xE1E;&#xE22;&#xE32;&#xE19;&#xE43;&#xE19;&#xE04;&#xE14;&#xE35;&#xE2D;&#xE32;&#xE0D;&#xE32; &#xE1E;.&#xE28;. 2546 /</subfield>
    <subfield code="c">&#xE08;&#xE31;&#xE14;&#xE17;&#xE33;&#xE42;&#xE14;&#xE22; &#xE2A;&#xE33;&#xE19;&#xE31;&#xE01;&#xE07;&#xE32;&#xE19;&#xE04;&#xE38;&#xE49;&#xE21;&#xE04;&#xE23;&#xE2D;&#xE07;&#xE1E;&#xE22;&#xE32;&#xE19; &#xE01;&#xE23;&#xE21;&#xE04;&#xE38;&#xE49;&#xE21;&#xE04;&#xE23;&#xE2D;&#xE07;&#xE2A;&#xE34;&#xE17;&#xE18;&#xE34;&#xE41;&#xE25;&#xE30;&#xE40;&#xE2A;&#xE23;&#xE35;&#xE20;&#xE32;&#xE1E; &#xE01;&#xE23;&#xE30;&#xE17;&#xE23;&#xE27;&#xE07;&#xE22;&#xE38;&#xE15;&#xE34;&#xE18;&#xE23;&#xE23;&#xE21;.</subfield>
  </datafield>
  <datafield tag="250" ind1=" " ind2=" ">
    <subfield code="a">&#xE1E;&#xE34;&#xE21;&#xE1E;&#xE4C;&#xE04;&#xE23;&#xE31;&#xE49;&#xE07;&#xE17;&#xE35;&#xE48; 7.</subfield>
  </datafield>
  <datafield tag="260" ind1=" " ind2=" ">
    <subfield code="a">&#xE01;&#xE23;&#xE38;&#xE07;&#xE40;&#xE17;&#xE1E;&#xE2F; :</subfield>
    <subfield code="b">&#xE2A;&#xE33;&#xE19;&#xE31;&#xE01;&#xE07;&#xE32;&#xE19;&#xE04;&#xE38;&#xE49;&#xE21;&#xE04;&#xE23;&#xE2D;&#xE07;&#xE1E;&#xE22;&#xE32;&#xE19; &#xE01;&#xE23;&#xE21;&#xE04;&#xE38;&#xE49;&#xE21;&#xE04;&#xE23;&#xE2D;&#xE07;&#xE2A;&#xE34;&#xE17;&#xE18;&#xE34;&#xE41;&#xE25;&#xE30;&#xE40;&#xE2A;&#xE23;&#xE35;&#xE20;&#xE32;&#xE1E; &#xE01;&#xE23;&#xE30;&#xE17;&#xE23;&#xE27;&#xE07;&#xE22;&#xE38;&#xE15;&#xE34;&#xE18;&#xE23;&#xE23;&#xE21;,</subfield>
    <subfield code="c">2554.</subfield>
  </datafield>
  <datafield tag="300" ind1=" " ind2=" ">
    <subfield code="a">16 &#xE2B;&#xE19;&#xE49;&#xE32; ;</subfield>
    <subfield code="c">21 &#xE0B;&#xE21;.</subfield>
  </datafield>
  <datafield tag="505" ind1="0" ind2=" ">
    <subfield code="a">&#xE04;&#xE33;&#xE1B;&#xE23;&#xE32;&#xE23;&#xE20; -- &#xE2B;&#xE21;&#xE27;&#xE14; 1 &#xE21;&#xE32;&#xE15;&#xE23;&#xE01;&#xE32;&#xE23;&#xE17;&#xE31;&#xE48;&#xE27;&#xE44;&#xE1B;&#xE43;&#xE19;&#xE01;&#xE32;&#xE23;&#xE04;&#xE38;&#xE49;&#xE21;&#xE04;&#xE23;&#xE2D;&#xE07;&#xE1E;&#xE22;&#xE32;&#xE19; -- &#xE2B;&#xE21;&#xE27;&#xE14; 2 &#xE21;&#xE32;&#xE15;&#xE23;&#xE01;&#xE32;&#xE23;&#xE1E;&#xE34;&#xE40;&#xE28;&#xE29;&#xE43;&#xE19;&#xE01;&#xE32;&#xE23;&#xE04;&#xE38;&#xE49;&#xE21;&#xE04;&#xE23;&#xE2D;&#xE07;&#xE1E;&#xE22;&#xE32;&#xE19; -- &#xE2B;&#xE21;&#xE27;&#xE14; 3 &#xE2A;&#xE33;&#xE19;&#xE31;&#xE01;&#xE07;&#xE32;&#xE19;&#xE04;&#xE38;&#xE49;&#xE21;&#xE04;&#xE23;&#xE2D;&#xE07;&#xE1E;&#xE22;&#xE32;&#xE19;&#xE41;&#xE25;&#xE30;&#xE01;&#xE32;&#xE23;&#xE14;&#xE33;&#xE40;&#xE19;&#xE34;&#xE19;&#xE04;&#xE14;&#xE35; -- &#xE2B;&#xE21;&#xE27;&#xE14; 4 &#xE04;&#xE48;&#xE32;&#xE15;&#xE2D;&#xE1A;&#xE41;&#xE17;&#xE19;&#xE41;&#xE25;&#xE30;&#xE04;&#xE48;&#xE32;&#xE43;&#xE0A;&#xE49;&#xE08;&#xE48;&#xE32;&#xE22;&#xE41;&#xE01;&#xE48;&#xE1E;&#xE22;&#xE32;&#xE19; -- &#xE2B;&#xE21;&#xE27;&#xE14; 5 &#xE01;&#xE32;&#xE23;&#xE2D;&#xE38;&#xE17;&#xE18;&#xE23;&#xE13;&#xE4C; -- &#xE2B;&#xE21;&#xE27;&#xE14; 6 &#xE1A;&#xE17;&#xE01;&#xE33;&#xE2B;&#xE19;&#xE14;&#xE42;&#xE17;&#xE29;.</subfield>
  </datafield>
  <datafield tag="650" ind1=" " ind2="4">
    <subfield code="9">27790</subfield>
    <subfield code="a">&#xE1E;&#xE22;&#xE32;&#xE19;&#xE1A;&#xE38;&#xE04;&#xE04;&#xE25;</subfield>
    <subfield code="x">&#xE01;&#xE32;&#xE23;&#xE04;&#xE38;&#xE49;&#xE21;&#xE04;&#xE23;&#xE2D;&#xE07;</subfield>
  </datafield>
  <datafield tag="650" ind1=" " ind2="4">
    <subfield code="a">&#xE1E;&#xE22;&#xE32;&#xE19;&#xE1A;&#xE38;&#xE04;&#xE04;&#xE25; </subfield>
    <subfield code="x">&#xE01;&#xE32;&#xE23;&#xE04;&#xE38;&#xE49;&#xE21;&#xE04;&#xE23;&#xE2D;&#xE07;</subfield>
    <subfield code="x">&#xE01;&#xE0E;&#xE2B;&#xE21;&#xE32;&#xE22;&#xE41;&#xE25;&#xE30;&#xE23;&#xE30;&#xE40;&#xE1A;&#xE35;&#xE22;&#xE1A;&#xE02;&#xE49;&#xE2D;&#xE1A;&#xE31;&#xE07;&#xE04;&#xE31;&#xE1A;</subfield>
    <subfield code="9">38880</subfield>
  </datafield>
  <datafield tag="650" ind1=" " ind2="4">
    <subfield code="9">28007</subfield>
    <subfield code="a">&#xE04;&#xE38;&#xE49;&#xE21;&#xE04;&#xE23;&#xE2D;&#xE07;&#xE1E;&#xE22;&#xE32;&#xE19;&#xE43;&#xE19;&#xE04;&#xE14;&#xE35;&#xE2D;&#xE32;&#xE0D;&#xE32; (&#xE1E;.&#xE23;.&#xE1A;.) </subfield>
    <subfield code="y">2546</subfield>
  </datafield>
  <datafield tag="850" ind1=" " ind2=" ">
    <subfield code="a">NALT</subfield>
  </datafield>
  <datafield tag="942" ind1=" " ind2=" ">
    <subfield code="2">local</subfield>
    <subfield code="c">LB</subfield>
  </datafield>
  <datafield tag="996" ind1=" " ind2=" ">
    <subfield code="a">kornsiririn.r</subfield>
    <subfield code="b">CATSTF	</subfield>
    <subfield code="c">2023-10-31</subfield>
  </datafield>
  <datafield tag="999" ind1=" " ind2=" ">
    <subfield code="c">103793</subfield>
    <subfield code="d">103793</subfield>
  </datafield>
  <datafield tag="998" ind1=" " ind2=" ">
    <subfield code="j">3099</subfield>
    <subfield code="k"> &#xE1E;&#xE23;&#xE27;&#xE34;&#xE17;&#xE39;  &#xE42;&#xE04;&#xE49;&#xE27;&#xE04;&#xE0A;&#xE32;&#xE20;&#xE23;&#xE13;&#xE4C;</subfield>
  </datafield>
  <datafield tag="952" ind1=" " ind2=" ">
    <subfield code="0">0</subfield>
    <subfield code="1">0</subfield>
    <subfield code="2">local</subfield>
    <subfield code="4">0</subfield>
    <subfield code="7">0</subfield>
    <subfield code="8">CSEN</subfield>
    <subfield code="a">NALT</subfield>
    <subfield code="b">NALT</subfield>
    <subfield code="c">LAW</subfield>
    <subfield code="d">2023-10-31</subfield>
    <subfield code="o">KT 85 &#xE22;349&#xE1E; 2554</subfield>
    <subfield code="p">0100008796001</subfield>
    <subfield code="r">2024-03-29 00:00:00</subfield>
    <subfield code="w">2023-10-31</subfield>
    <subfield code="y">LB</subfield>
  </datafield>
</record>
